Účtovné a daňové aspekty motorového vozidla v účtovnej jednotke bakalárska práca

Gespeichert in:
Bibliographische Detailangaben
1. Verfasser: Lietavová, Nora
Körperschaft: Fakulta hospodárskej informatiky EU. Katedra účtovníctva a audítorstva
Weitere Verfasser: Sigetová, Katarína, 1995-
Format: Buch
Sprache:Slowakisch
Veröffentlicht: Bratislava 2021
Tags: Tag hinzufügen
Keine Tags, Fügen Sie das erste Tag hinzu!

MARC

LEADER 00000nbm a2200000 4500
001 0276313
005 20220322142235.5
041 0 |a slo 
044 |a SK 
245 1 0 |a Účtovné a daňové aspekty motorového vozidla v účtovnej jednotke  |b bakalárska práca  |c Nora Lietavová ; školiteľ: Katarína Sigetová 
264 1 |a Bratislava  |c 2021 
300 |a 51 s. 
100 1 |a Lietavová, Nora 
700 1 |a Sigetová, Katarína, 1995- 
710 2 |a Fakulta hospodárskej informatiky EU. Katedra účtovníctva a audítorstva